| 000 | 00627cam a2200229 4500 | ||
|---|---|---|---|
| 001 | 64268 | ||
| 003 | BD-RjUL | ||
| 005 | 20211209081304.0 | ||
| 008 | 170212s1968 nyua 001 0 eng | ||
| 035 | _a(BD-RjUL)64398 | ||
| 040 |
_aDLC _cDLC _dBD-RjUL _beng |
||
| 041 | _aeng | ||
| 082 |
_a947 _223 _bWRC 1968 |
||
| 100 | 1 |
_aWren, Melvin C. _9190857 |
|
| 245 | 1 | 5 |
_aThe course of Russian history / _cMelvin C. Wren. |
| 250 | _a3d ed. | ||
| 260 |
_aNew York,: _bMacmillan, _cc1968 |
||
| 300 |
_ax, 750 p. : _bill. ; _c26 cm. |
||
| 504 | _aIncludes bibliography | ||
| 651 |
_aSoviet Union _xHistory _9189588 |
||
| 942 |
_2ddc _cBK |
||
| 999 |
_c64268 _d64268 |
||